Same-Named Cities in Different Countries - Statistics

General Stats
  • This quiz has been taken 42 times
  • The average score is 17 of 30
Answer Stats
Country City % Correct
United Kingdom / United States London
85%
Russia / United States Moscow
82%
France / United States Paris
82%
Egypt / United States Alexandria
79%
Russia / United States St. Petersburg
79%
Costa Rica / United States San José
77%
Ireland / United States Dublin
72%
Australia / United Kingdom Perth
72%
United States / Egypt Memphis
69%
Libya / Lebanon Tripoli
69%
Spain / Venezuela Valencia
67%
Seychelles / Canada Victoria
67%
United Kingdom / United States Birmingham
64%
Italy / United States Naples
64%
Bolivia / Mexico La Paz
62%
United Kingdom / United States Manchester
62%
Chile / Dominican Republic Santiago
62%
Argentina / Spain Córdoba
56%
Italy / United States Florence
51%
Spain / Nicaragua Granada
51%
Australia / Canada Sydney
49%
Colombia / Spain Cartagena
44%
United Kingdom / Australia Newcastle
44%
Spain / United States Toledo
41%
Canada / New Zealand Hamilton
38%
Colombia / Mexico Medellín
31%
United Kingdom / United States Bristol
28%
United Kingdom / Canada Cambridge
18%
Belgium / Canada Waterloo
15%
Spain / Mexico Salamanca
13%
No matching quizzes found
Score Distribution
Percent of People with Each Score
Percentile by Number Answered
Your Score History
You have not taken this quiz